Buenas noches, Argüelles (Record no. 122091)

MARC details
000 -LEADER
campo de control de longitud fija 00614nam a2200205 4500
001 - NÚMERO DE CONTROL
campo de control 122091
003 - IDENTIFICADOR DE NÚMERO DE CONTROL
campo de control ES-MaACL
005 - FECHA Y HORA DE LA ÚLTIMA TRANSACCIÓN
campo de control 20251011063127.0
007 - CAMPO FIJO DE DESCRIPCIÓN FÍSICA--INFORMACIÓN GENERAL
campo de control de longitud fija t|
008 - DATOS DE LONGITUD FIJA--INFORMACIÓN GENERAL
campo de control de longitud fija 070214s1956 sp r ||||1| spa d
100 1# - ENTRADA PRINCIPAL--NOMBRE DE PERSONA
Nombre de persona Prieto, Antonio,
Fechas asociadas al nombre 1930-
9 (RLIN) 151033
245 10 - MENCIÓN DEL TÍTULO
Título Buenas noches, Argüelles
Resto del título : novela /
Mención de responsabilidad, etc. Antonio Prieto.
250 ## - MENCION DE EDICION
Mención de edición 1ª ed.
260 ## - PUBLICACIÓN, DISTRIBUCIÓN, ETC.
Lugar de publicación, distribución, etc. Barcelona :
Nombre del editor, distribuidor, etc. Planeta,
Fecha de publicación, distribución, etc. 1956.
300 ## - DESCRIPCIÓN FÍSICA
Extensión 304 p. ;
Dimensiones 19 cm.
490 1# - MENCIÓN DE SERIE
Mención de serie Autores españoles contemporáneos
830 0# - PUNTO DE ACCESO ADICIONAL DE SERIE-TÍTULO UNIFORME
Título uniforme Autores españoles contemporáneos
9 (RLIN) 180811
852 ## - LOCALIZACIÓN
Ubicación ES-MaACL
Número de control de estantería C-12277
Sublocalización o colección R.40196
Holdings
Estatus retirado Estado de pérdida Estado de daño No para préstamo Biblioteca de origen Biblioteca actual Ubicación en estantería Fecha de adquisición Fuente de adquisición Total de préstamos Signatura topográfica completa Código de barras Visto por última vez Precio de reemplazo Tipo de ítem Koha
        Biblioteca del Ateneo de Madrid Biblioteca del Ateneo de Madrid Sala Palomar 17/01/2008     C-12277 1127232 23/02/2023 23/02/2023 Libro impreso